The diary of a young girl / (Record no. 6094)

MARC details
000 -LEADER
fixed length control field 00600nam a22001697a 4500
003 - CONTROL NUMBER IDENTIFIER
control field OSt
005 - DATE AND TIME OF LATEST TRANSACTION
control field 20251124135536.0
008 - FIXED-LENGTH DATA ELEMENTS--GENERAL INFORMATION
fixed length control field 251124b |||||||| |||| 00| 0 eng d
020 ## - INTERNATIONAL STANDARD BOOK NUMBER
International Standard Book Number 0-553-29698-1
040 ## - CATALOGING SOURCE
Transcribing agency CL
100 ## - MAIN ENTRY--PERSONAL NAME
Personal name FRANK, ANNE
245 ## - TITLE STATEMENT
Title The diary of a young girl /
260 ## - PUBLICATION, DISTRIBUTION, ETC.
Place of publication, distribution, etc. New York :
Name of publisher, distributor, etc. Bantam Books,
Date of publication, distribution, etc. c1993.
300 ## - PHYSICAL DESCRIPTION
Extent 283 pages ;
Dimensions 21 cm.
650 ## - SUBJECT ADDED ENTRY--TOPICAL TERM
Source of heading or term Frank, Anne, 1929-1945--Diaries. 2. Holocaust, Jewish (1939-1945)--Netherlands--Amsterdam--Personal narratives. 3. Jews--Persecutions--Netherlands--Amsterdam. I. Rooselvelt, Eleanor.
942 ## - ADDED ENTRY ELEMENTS (KOHA)
Source of classification or shelving scheme Dewey Decimal Classification
Koha item type Book Circulation
Suppress in OPAC No
952 ## - LOCATION AND ITEM INFORMATION (KOHA)
--
Holdings
Withdrawn status Lost status Source of classification or shelving scheme Damaged status Not for loan Home library Current library Shelving location Date acquired Source of acquisition Total Checkouts Full call number Barcode Date last seen Price effective from Koha item type Uniform Resource Identifier
    Dewey Decimal Classification     College Library College Library Circulation 04/11/2014 SF   FIC. 940.531 F828d 1993 CL50694 11/24/2025 11/24/2025 FIC.